00315nam a2200121 a 4500008004100000020001500041050001400056100001700070245004100087250001200128260004400140350000900184120416s1997 ||||||||||||||||| || u a8120311523 aQA 76 Kra aKraynak, Joe14aThe complete idiot's guide to P C s. a4th ed. aNew DelhibPrentice-Hall of Indiac1997 a0.00